[Event "Havana Cobo Memorial tt"]
[Site "Havana"]
[Date "2018.01.30"]
[Round "6"]
[White "Gutierrez Espinosa, Karen"]
[Black "Rodriguez Balart, Alain"]
[Result "0-1"]
[WhiteElo "2071"]
[BlackElo "2165"]
[PlyCount "116"]
[EventDate "2018.01.25"]
[EventType "team-tourn"]
[EventRounds "10"]
[EventCountry "CUB"]
[SourceTitle "EXT 2021"]
[Source "ChessBase"]
[SourceDate "2020.10.23"]
[SourceVersion "1"]
[SourceVersionDate "2020.10.23"]
[SourceQuality "1"]

1. e4 c5 2. Nf3 d6 3. d4 cxd4 4. Nxd4 Nf6 5. Nc3 a6 6. Bc4 e6 7. Bb3 b5 8. Bg5 Be7 9. 0-0 Qc7 10. a3 0-0 11. Qe2 Bd7 12. Rad1 Nc6 13. Kh1 Nxd4 14. Rxd4 Bc6 15. f4 h6 16. Bxf6 Bxf6 17. Rd3 Rfe8 18. Rg3 Kh8 19. Qh5 Bxc3 20. Rxc3 Qb7 21. f5 Bxe4 22. f6 Bg6 23. Qh4 Qe4 24. fxg7+ Kxg7 25. Qf6+ Kg8 26. Rc7 Qe5 27. Qh4 Qg5 28. Qd4 Qe5 29. Qd2 d5 30. Rc3 d4 31. Rh3 h5 32. Re1 Qg7 33. Rg3 Rad8 34. Qg5 Rd6 35. Re4 e5 36. h3 Kh7 37. Rh4 Qh6 38. Qxh6+ Kxh6 39. Rf3 Kg5 40. g3 f5 41. Kg2 Red8 42. a4 d3 43. cxd3 Rxd3 44. Rb4 Rd2+ 45. Rf2 Be8 46. axb5 axb5 47. Be6 Bc6+ 48. Kg1 Rxf2 49. Kxf2 Rd2+ 50. Ke1 Rg2 51. Rb3 f4 52. gxf4+ Kxf4 53. Rc3 Bf3 54. b3 e4 55. Rc8 Ke3 56. Rc3+ Kd4 57. Rc8 e3 58. Rd8+ Ke5 0-1

[Event "Giraldilla de La Habana tt"]
[Site "Havana"]
[Date "2018.??.??"]
[Round "7.4"]
[White "Portal Ramos, Cristian"]
[Black "Rodriguez Balart, Alain"]
[Result "1/2-1/2"]
[WhiteElo "2011"]
[BlackElo "2120"]
[PlyCount "44"]
[EventDate "2018.07.27"]
[EventType "team-tourn"]
[EventRounds "9"]
[EventCountry "CUB"]
[SourceTitle "EXT 2021"]
[Source "ChessBase"]
[SourceDate "2020.10.23"]
[SourceVersion "1"]
[SourceVersionDate "2020.10.23"]
[SourceQuality "1"]

1. b3 e5 2. Bb2 d6 3. e3 g6 4. Nf3 Bg7 5. c4 f5 6. d3 Nf6 7. Nc3 0-0 8. Be2 Nc6 9. 0-0 Kh8 10. d4 e4 11. Nd2 Ne7 12. f4 h5 13. Qe1 Be6 14. Qh4 Kg8 15. h3 d5 16. Ba3 Rf7 17. Bxe7 Qxe7 18. c5 Qf8 19. Qg3 Kh7 20. Rac1 Qd8 21. Qe1 Ng8 22. h4 Ne7 1/2-1/2

[Event "Giraldilla de La Habana tt"]
[Site "Havana"]
[Date "2018.??.??"]
[Round "4.4"]
[White "Rodriguez Balart, Alain"]
[Black "Morales Garcia, Alexei"]
[Result "1/2-1/2"]
[WhiteElo "2120"]
[BlackElo "2131"]
[PlyCount "25"]
[EventDate "2018.07.27"]
[EventType "team-tourn"]
[EventRounds "9"]
[EventCountry "CUB"]
[SourceTitle "EXT 2021"]
[Source "ChessBase"]
[SourceDate "2020.10.23"]
[SourceVersion "1"]
[SourceVersionDate "2020.10.23"]
[SourceQuality "1"]

1. e4 e5 2. Nf3 Nc6 3. Bb5 a6 4. Ba4 Nf6 5. 0-0 Be7 6. Re1 b5 7. Bb3 d6 8. d3 0-0 9. h3 Re8 10. Ng5 Rf8 11. Nf3 Re8 12. Ng5 Rf8 13. Nf3 1/2-1/2